Cars in Song - Statistics

General Stats
  • This quiz has been taken 37 times
  • The average score is 5 of 21
Answer Stats
Artist Year Hint Song Title % Correct
Gary Numan 1979 general Cars
64%
Prince 1983 model Little Red Corvette
64%
Janis Joplin 1970 make Mercedes Benz
50%
Joe Walsh 1978 My Maseratti does one-eighty-five I lost my license, now I don't drive I have a limo, ride in the back I lock the doors in case I'm attacked Life's Been Good
36%
Bruce Springsteen 1984 make Pink Cadillac
36%
Blondie 1980 You eat Cadillacs, Lincolns, too. Mercurys and Subarus. Rapture
32%
Lorde 2013 We don't care, we're driving Cadillacs in our dreams But everybody's like Cristal, Maybach, diamonds on your timepiece Royals
32%
Bob Seger 1976 Out past the cornfields where the woods got heavy Out in the back seat of my '60 Chevy Workin' on mysteries without any clues Night Moves
29%
Rush 1981 classification / style Red Barchetta
21%
Wilson Pickett 1966 model Mustang Sally
18%
The Playmates 1958 While riding in my Cadillac, what to my surprise, A little Nash Rambler was following me, about one-third my size Beep Beep
14%
The Clash 1979 make Brand New Cadillac
14%
Commander Cody 1971 make Hot Rod Lincoln
14%
The Beachboys 1963 classification / style Little Deuce Coupe
14%
Ronny & the Daytonas 1964 model Little G.T.O.
14%
Jan & Dean 1963 But parked in a rickety old garage, There's a brand new shiny super stocked Dodge. Little Old Lady From Pasadena
14%
The B-52s 1979 She drove a Plymouth Satellite A-faster than the speed of light Planet Claire
14%
T Rex 1971 model Jeepster
11%
Pink Floyd 1975 He played a mean guitar He always ate at the Steak Bar He loved to drive in his Jaguar Welcome to the Machine
11%
Bruce Springsteen 1975 Barefoot girl sitting on the hood of a Dodge Drinking warm beer in the soft summer rain Jungleland
7%
Kings of Leon 2007 model Camaro
4%
No matching quizzes found
Score Distribution
Percent of People with Each Score
Percentile by Number Answered
Your Score History
You have not taken this quiz